000
002940000a22000970004500
100
1
_a
Tomes, Roger
245
1
0
_a
Our Holy and beautiful house : When and why was 1 King 6-8 written?
300
_a
Núm 70 (1996), Páginas 33-50
773
0
_t
Journal for the Study of the Old Testament
942
_c
ANA
999
_c
54619
_d
54619